000 00435nam a2200193Ia 4500
005 20240823031417.0
008 240823s9999||||xx |||||||||||||| ||und||
041 _aENGLISH
082 _A519
100 _aVenkataraman N
245 0 _aApplied Mathematics
250 _a1st
260 _bN . V Publica
500 _aTRANSFERED
650 _aMathematics
_bMathematics
700 _a Suyamboo K
942 _cBK
999 _c191008
_d191008